Voz y disidencia (Record no. 19449)

MARC details
000 -LEADER
campo de control de longitud fija 00896nam a2200265 i 4500
001 - NÚMERO DE CONTROL
campo de control 19449
003 - IDENTIFICADOR DE NÚMERO DE CONTROL
campo de control ES-MaACL
005 - FECHA Y HORA DE LA ÚLTIMA TRANSACCIÓN
campo de control 20250809051258.0
007 - CAMPO FIJO DE DESCRIPCIÓN FÍSICA--INFORMACIÓN GENERAL
campo de control de longitud fija t|
008 - DATOS DE LONGITUD FIJA--INFORMACIÓN GENERAL
campo de control de longitud fija 020828s2001 sp |||| | spa d
020 ## - NÚMERO INTERNACIONAL ESTÁNDAR DEL LIBRO
Número Internacional Estándar del Libro 84-460-1536-6
080 ## - NÚMERO DE LA CLASIFICACIÓN DECIMAL UNIVERSAL
Número de la Clasificación Decimal Universal 1(4)"18/19"
100 1# - ENTRADA PRINCIPAL--NOMBRE DE PERSONA
Nombre de persona Givone, Sergio.
9 (RLIN) 57382
245 10 - MENCIÓN DEL TÍTULO
Título Voz y disidencia
Resto del título : la configuración del espíritu filosófico europeo entre los siglos XIX y XX /
Mención de responsabilidad, etc. Sergio Givone ; traducción, Carolina del Olmo y César Rendueles.
260 ## - PUBLICACIÓN, DISTRIBUCIÓN, ETC.
Lugar de publicación, distribución, etc. Tres Cantos (Madrid) :
Nombre del editor, distribuidor, etc. Akal,
Fecha de publicación, distribución, etc. [2001]
300 ## - DESCRIPCIÓN FÍSICA
Extensión 111 p. ;
Dimensiones 24 cm.
490 1# - MENCIÓN DE SERIE
Mención de serie Akal HIPECU ;
Designación de volumen o secuencia 47
650 14 - PUNTO DE ACCESO ADICIONAL DE MATERIA--TÉRMINO DE MATERIA
Término de materia o nombre geográfico como elemento de entrada Filosofía-
Subdivisión geográfica Europa-
Subdivisión cronológica S.XIX.
9 (RLIN) 160318
650 04 - PUNTO DE ACCESO ADICIONAL DE MATERIA--TÉRMINO DE MATERIA
Término de materia o nombre geográfico como elemento de entrada Filosofía-
Subdivisión geográfica Europa-
Subdivisión cronológica S.XX.
9 (RLIN) 12812
700 1# - ENTRADA AGREGADA--NOMBRE PERSONAL
Nombre de persona Olmo, Carolina del.
9 (RLIN) 86972
700 1# - ENTRADA AGREGADA--NOMBRE PERSONAL
Nombre de persona Rendueles, César.
9 (RLIN) 96205
830 00 - PUNTO DE ACCESO ADICIONAL DE SERIE-TÍTULO UNIFORME
Título uniforme Akal HIPECU
Designación de volumen o secuencia 47
9 (RLIN) 183048
852 ## - LOCALIZACIÓN
Ubicación ES-MaACL
Número de control de estantería L-25883
Holdings
Estatus retirado Estado de pérdida Estado de daño No para préstamo Biblioteca de origen Biblioteca actual Ubicación en estantería Fecha de adquisición Fuente de adquisición Total de préstamos Signatura topográfica completa Código de barras Visto por última vez Precio de reemplazo Tipo de ítem Koha
        Biblioteca del Ateneo de Madrid Biblioteca del Ateneo de Madrid Depósito 2 17/01/2008     L-25883 1019899 23/02/2023 23/02/2023 Libro impreso